000 00250nam a22001097a 4500
082 _a333
100 _aShukla, Ajay
_980574
245 _aGlobal Climate Change
260 _aDelhi
_bPratibha Book
_c2018
650 _aEnvironment
_980575
942 _cBK
999 _c63898
_d63898